New home guides (Record no. 117689)
[ view plain ]
| 000 -LEADER | |
|---|---|
| fixed length control field | 00979cam a2200217 4500 |
| 001 - CONTROL NUMBER | |
| control field | WB@3612-499 |
| 008 - FIXED-LENGTH DATA ELEMENTS--GENERAL INFORMATION | |
| fixed length control field | 040714n2004 000 0 eng u |
| 035 ## - SYSTEM CONTROL NUMBER | |
| System control number | (Sirsi) u126767 |
| 245 ## - TITLE STATEMENT | |
| Title | New home guides |
| 260 ## - PUBLICATION, DISTRIBUTION, ETC. | |
| Date of publication, distribution, etc. | 2004 |
| 490 ## - SERIES STATEMENT | |
| Series statement | RICS News Release |
| Volume/sequential designation | 13 July 2004 (2) |
| 520 ## - SUMMARY, ETC. | |
| Summary, etc. | RICS has published a series of new guides to help with the buying and selling of houses and understanding property surveys. With introductions and advice by Phil Spencer, from Channel 4's 'Location, location, location' programme, RICS is hoping to raise awareness about chartered surveyors and how they can help homebuyers. View the guides online at: http://www.rics.org/public/index.shtml. http://www.rics.org/ricscms/bin/show?class=PressRe lease&template=/includes/showpr.html&id=1201 |
| 590 ## - LOCAL NOTE (RLIN) | |
| Local note | WB |
| 590 ## - LOCAL NOTE (RLIN) | |
| Local note | WB |
| 650 ## - SUBJECT ADDED ENTRY--TOPICAL TERM | |
| Topical term or geographic name entry element | HOUSE SELLING |
| 650 ## - SUBJECT ADDED ENTRY--TOPICAL TERM | |
| Topical term or geographic name entry element | HOUSE BUYING |
| 650 ## - SUBJECT ADDED ENTRY--TOPICAL TERM | |
| Topical term or geographic name entry element | HOUSE SURVEYS |
| 650 ## - SUBJECT ADDED ENTRY--TOPICAL TERM | |
| Topical term or geographic name entry element | MOVING HOUSE |
| 690 ## - LOCAL SUBJECT ADDED ENTRY--TOPICAL TERM (OCLC, RLIN) | |
| Topical term or geographic name as entry element | HOUSING-MARKET |
| 942 ## - ADDED ENTRY ELEMENTS (KOHA) | |
| Suppress in OPAC | 0 |
| Withdrawn status | Lost status | Source of classification or shelving scheme | Damaged status | Not for loan | Home library | Current library | Shelving location | Date acquired | Total Checkouts | Full call number | Barcode | Date last seen | Copy number | Price effective from | Koha item type |
|---|---|---|---|---|---|---|---|---|---|---|---|---|---|---|---|
| Dewey Decimal Classification | London | London | News article | 14/07/2004 | WB4027-11 | 126767-1001 | 06/08/2019 | 1 | 06/08/2019 | News article |